| 000 | 00572nam a2200193 a 4500 | ||
|---|---|---|---|
| 001 | 1766310660412 | ||
| 003 | YourLibrary | ||
| 005 | 20251222104447.0 | ||
| 008 | 251221s2003##################000#0#eng## | ||
| 020 | _a9783631505571 | ||
| 082 | 0 | 4 |
_a262.94 _bKAL |
| 100 | 1 |
_aKallidukil, Johnson Michael, _eauthor. |
|
| 245 | 1 | 0 | _aThe Canonical Significance of the Synod of Bishops of 1994 on Consecrated Life : |
| 260 |
_bPeter Lang Pub Incorporated, _c2003. |
||
| 300 | _a330 pages | ||
| 650 | 0 | _aReligion. | |
| 942 | _cENGLISH | ||
| 040 |
_aYourLibrary _beng _cYourLibrary |
||
| 999 |
_c603541 _d603541 |
||